000 00938nam a22002417a 4500
001 56932
003 BD-RjUL
005 20211209080442.0
008 161205s1975 ii ||||| |||| 00| 0 ben d
020 _c: IRs 10.00
035 _a(BD-RjUL)57056
040 _aBD-RjUL
_bben
_cBD-RjUL
041 _aben
082 _223
_a294.5
_bDAS 1975
100 _aপ্দাস, রফুল্লকুমার
_9169215
245 1 0 _aশিবনাথ শাস্ত্রীর অপ্রকাশিত বক্তৃতা ও স্মারকলিপি /
_cপ্রফুল্লকুমার দাস
250 _a১ম সং.
260 _aকলিকাতা :
_bকে. এল. মুখোপাধ্যায়,
_c১৯৭৫
300 _a৮৬ পৃ. ;
_c২১ সেমি.
650 _aহিন্দুত্ত্ববাদ
_9169216
650 _aHinduism
_9169217
942 _2ddc
_cBK
999 _c56932
_d56932